<?xml version="1.0" encoding="UTF-8"?><?xml-stylesheet type="text/xsl" href="static/style.xsl"?><OAI-PMH xmlns="http://www.openarchives.org/OAI/2.0/" xmlns:xsi="http://www.w3.org/2001/XMLSchema-instance" xsi:schemaLocation="http://www.openarchives.org/OAI/2.0/ http://www.openarchives.org/OAI/2.0/OAI-PMH.xsd"><responseDate>2026-06-30T01:25:16Z</responseDate><request verb="GetRecord" identifier="oai:docta.ucm.es:20.500.14352/109206" metadataPrefix="marc">https://docta.ucm.es/rest/oai/request</request><GetRecord><record><header><identifier>oai:docta.ucm.es:20.500.14352/109206</identifier><datestamp>2024-10-30T15:54:28Z</datestamp><setSpec>com_20.500.14352_14</setSpec><setSpec>col_20.500.14352_15</setSpec></header><metadata><record xmlns="http://www.loc.gov/MARC21/slim" xmlns:dcterms="http://purl.org/dc/terms/" xmlns:xsi="http://www.w3.org/2001/XMLSchema-instance" xmlns:doc="http://www.lyncode.com/xoai" xsi:schemaLocation="http://www.loc.gov/MARC21/slim http://www.loc.gov/standards/marcxml/schema/MARC21slim.xsd">
   <leader>00925njm 22002777a 4500</leader>
   <datafield ind2=" " ind1=" " tag="042">
      <subfield code="a">dc</subfield>
   </datafield>
   <datafield ind2=" " ind1=" " tag="720">
      <subfield code="a">Cho, Kwang Ho</subfield>
      <subfield code="e">author</subfield>
   </datafield>
   <datafield ind2=" " ind1=" " tag="720">
      <subfield code="a">Jin, Zhe Wu</subfield>
      <subfield code="e">author</subfield>
   </datafield>
   <datafield ind2=" " ind1=" " tag="720">
      <subfield code="a">Umeki, Shinichi</subfield>
      <subfield code="e">author</subfield>
   </datafield>
   <datafield ind2=" " ind1=" " tag="720">
      <subfield code="a">Yamamoto, Masahito</subfield>
      <subfield code="e">author</subfield>
   </datafield>
   <datafield ind2=" " ind1=" " tag="720">
      <subfield code="a">Murakami, Gen</subfield>
      <subfield code="e">author</subfield>
   </datafield>
   <datafield ind2=" " ind1=" " tag="720">
      <subfield code="a">Abe, Shinichi</subfield>
      <subfield code="e">author</subfield>
   </datafield>
   <datafield ind2=" " ind1=" " tag="720">
      <subfield code="a">Rodríguez Vázquez, José Francisco</subfield>
      <subfield code="e">author</subfield>
   </datafield>
   <datafield ind2=" " ind1=" " tag="260">
      <subfield code="c">2021-08-21</subfield>
   </datafield>
   <datafield ind2=" " ind1=" " tag="520">
      <subfield code="a">Purpose: To compare fetal and adult morphologies of the orbital muscle (OM) and to describe the detailed topographical anatomy in adults.

Methods: Using unilateral orbits from 15 near-term fetuses and 21 elderly cadavers, semiserial horizontal or sagittal paraffin sections were prepared at intervals of 20-100 µm. In addition to routine histology, we performed immunohistochemistry for smooth muscle actin.

Results: At near term, the OM consistently extended widely from the zygomatic bone or the greater wing of the sphenoid to the maxilla or ethmoid. Thus, it was a large sheet covering the future inferior orbital fissure. In contrast, the adult OM was a thin and small muscle bundle connecting (1) the greater wing of the sphenoid to the maxilla (11/19 cadavers), (2) the lesser wing of the sphenoid to the maxilla (5/19) or the greater wing (3/19). The small OM was likely to be restricted within the greater wing (5/19 cadavers) or the maxilla (3/19). Two of these five types of OM coexisted in eight orbits. OM attachment to the lesser wing was not seen in fetuses, whereas ethmoid attachment was absent in adults.

Conclusions: The lesser wing attachment of the OM seemed to establish after birth. A growing common origin of the three recti was likely involved in "stealing" the near-term OM attachment from the ethmoid. The strong immunoreactivity of remnant-like OM in the elderly suggests that OM contraction is still likely to occur against the increased flow through a thin vein. However, the contraction might have no clinical significance.</subfield>
   </datafield>
   <datafield ind1="8" ind2=" " tag="024">
      <subfield code="a">Cho KH, Jin ZW, Umeki S, Yamamoto M, Murakami G, Abe SI, Rodríguez-Vázquez JF. Human orbital muscle in adult cadavers and near-term fetuses: its bony attachments and individual variation identified by immunohistochemistry. Surg Radiol Anat. 2021 Nov;43(11):1813-1821. doi: 10.1007/s00276-021-02819-1</subfield>
   </datafield>
   <datafield ind1="8" ind2=" " tag="024">
      <subfield code="a">0930-1038</subfield>
   </datafield>
   <datafield ind1="8" ind2=" " tag="024">
      <subfield code="a">10.1007/s00276-021-02819-1</subfield>
   </datafield>
   <datafield ind1="8" ind2=" " tag="024">
      <subfield code="a">https://hdl.handle.net/20.500.14352/109206</subfield>
   </datafield>
   <datafield ind1="8" ind2=" " tag="024">
      <subfield code="a">1279-8517</subfield>
   </datafield>
   <datafield ind1="8" ind2=" " tag="024">
      <subfield code="a">https://doi.org/10.1007/s00276-021-02819-1</subfield>
   </datafield>
   <datafield ind1="8" ind2=" " tag="024">
      <subfield code="a">34417852</subfield>
   </datafield>
   <datafield ind1="8" ind2=" " tag="024">
      <subfield code="a">https://link.springer.com/article/10.1007/s00276-021-02819-1</subfield>
   </datafield>
   <datafield ind2="0" ind1="0" tag="245">
      <subfield code="a">Human orbital muscle in adult cadavers and near-term fetuses: its bony attachments and individual variation identified by immunohistochemistry</subfield>
   </datafield>
</record></metadata></record></GetRecord></OAI-PMH>